2024-2025 NBA Starting Centers - Statistics

General Stats
  • This quiz has been taken 66 times
  • The average score is 18 of 30
Answer Stats
Hint Answer % Correct
Denver Nuggets Nikola Jokic
98%
Boston Celtics Kristaps Porzingis
89%
Chicago Bulls Nikola Vucevic
89%
Houston Rockets Alperen Sengun
87%
Indiana Pacers Myles Turner
87%
Los Angeles Clippers Ivica Zubac
85%
Cleveland Cavaliers Jarrett Allen
85%
New York Knicks Karl-Anthony Towns
81%
Brooklyn Nets Nic Claxton
80%
Oklahoma City Thunder Chet Holmgren
78%
Minnesota Timberwolves Rudy Gobert
78%
Charlotte Hornets Mark Williams
74%
Detroit Pistons Jalen Duren
72%
Golden State Warriors Draymond Green
70%
Dallas Mavericks Dereck Lively II
67%
Orlando Magic Wendel Carter Jr.
61%
Memphis Grizzlies Zach Edey
61%
Sacramento Kings Domantas Sabonis
57%
Utah Jazz Walker Kessler
54%
Miami Heat Kel'el Ware
52%
Atlanta Hawks Onyeka Okongwu
52%
Toronto Raptors Jakob Poeltl
46%
Washington Wizards Alex Sarr
44%
Milwaukee Bucks Bobby Portis
39%
New Orleans Pelicans Yves Missi
39%
Phoenix Suns Nick Richards
35%
Portland Trail Blazers Donovan Clingan
28%
Philadelphia 76ers Adem Bona
20%
Los Angeles Lakers Dorian FInney-Smith
17%
San Antonio Spurs Jeremy Sochan
15%
No matching quizzes found
Score Distribution
Percent of People with Each Score
Percentile by Number Answered
Your Score History
You have not taken this quiz